La desintegración de la forma en las artes / (Record no. 85926)

MARC details
000 -LEADER
campo de control de longitud fija 00650nam a2200229 i 4500
001 - NÚMERO DE CONTROL
campo de control 85926
003 - IDENTIFICADOR DE NÚMERO DE CONTROL
campo de control ES-MaACL
005 - FECHA Y HORA DE LA ÚLTIMA TRANSACCIÓN
campo de control 20250815150909.0
007 - CAMPO FIJO DE DESCRIPCIÓN FÍSICA--INFORMACIÓN GENERAL
campo de control de longitud fija t|
008 - DATOS DE LONGITUD FIJA--INFORMACIÓN GENERAL
campo de control de longitud fija 041202s1975 mx a |||| | spa d
080 ## - NÚMERO DE LA CLASIFICACIÓN DECIMAL UNIVERSAL
Número de la Clasificación Decimal Universal 7.036.01
100 1# - ENTRADA PRINCIPAL--NOMBRE DE PERSONA
Nombre de persona Kahler, Erich.
9 (RLIN) 67414
245 13 - MENCIÓN DEL TÍTULO
Título La desintegración de la forma en las artes /
Mención de responsabilidad, etc. Erich Kahler ; traducción de Jas Reuter.
250 ## - MENCION DE EDICION
Mención de edición 3ª ed.
260 ## - PUBLICACIÓN, DISTRIBUCIÓN, ETC.
Lugar de publicación, distribución, etc. [México] :
Nombre del editor, distribuidor, etc. Siglo XXI,
Fecha de publicación, distribución, etc. 1975.
300 ## - DESCRIPCIÓN FÍSICA
Extensión 139 p. :
Otras características físicas il. ;
Dimensiones 21 cm.
500 ## - NOTA GENERAL
Nota general Índices.
650 #7 - PUNTO DE ACCESO ADICIONAL DE MATERIA--TÉRMINO DE MATERIA
Término de materia o nombre geográfico como elemento de entrada Forma (Estética)
Fuente del encabezamiento o término embne
9 (RLIN) 159052
700 1# - ENTRADA AGREGADA--NOMBRE PERSONAL
Nombre de persona Reuter, Jas.
9 (RLIN) 96381
852 ## - LOCALIZACIÓN
Ubicación ES-MaACL
Número de control de estantería L-1857
Holdings
Estatus retirado Estado de pérdida Estado de daño No para préstamo Biblioteca de origen Biblioteca actual Ubicación en estantería Fecha de adquisición Fuente de adquisición Total de préstamos Signatura topográfica completa Código de barras Visto por última vez Precio de reemplazo Tipo de ítem Koha
        Biblioteca del Ateneo de Madrid Biblioteca del Ateneo de Madrid Depósito 2 17/01/2008     L-1857 1089791 23/02/2023 23/02/2023 Libro impreso